Problémy zamestnanosti v poľnohospodárstve na Slovensku.

Výsledky empirického výskumu zamestnanosti a tvorby nových pracovných príležitostí na vybranom súbore 238 poľnohospodárskych podnikov. Výskum ukázal znižovanie zamestnanosti v poľnohospodárstve, nezodpovedajúce vytváranie nových pracovných príležitostí, diferencovanosť názorov podnikov na tvorbu nov...

Descrizione completa

Salvato in:
Dettagli Bibliografici
Autore principale: Buchta, Stanislav
Natura: Capitolo di libro
Lingua:slovacco
Soggetti:
Tags: Aggiungi Tag
Nessun Tag, puoi essere il primo ad aggiungerne!!

MARC

LEADER 00000naa a2200000 4500
001 r006413
005 20221125080657.4
041 0 |a slo 
044 |a [CS] 
245 1 0 |a Problémy zamestnanosti v poľnohospodárstve na Slovensku.  |c Stanislav Buchta 
520 |a Výsledky empirického výskumu zamestnanosti a tvorby nových pracovných príležitostí na vybranom súbore 238 poľnohospodárskych podnikov. Výskum ukázal znižovanie zamestnanosti v poľnohospodárstve, nezodpovedajúce vytváranie nových pracovných príležitostí, diferencovanosť názorov podnikov na tvorbu nových pracovných príležitostí a negatívne názory poľnohospodárskych podnikov na výchovu vlastného učňovského dorastu. 
610 2 0 |a zamestnanosť 
610 2 0 |a Slovensko 
610 2 0 |a príležitosť pracovná 
610 2 0 |a podnik poľnohospodársky 
610 2 0 |a výchova odborná 
610 2 0 |a výskum 
610 2 0 |a učni 
100 1 |a Buchta, Stanislav